South Eastern Kenya University

Library Online Public Access Catalogue


Using IBM SPSS statistics for research methods and social science statistics / (Record no. 11143)

MARC details
000 -LEADER
fixed length control field 00483cam a2200157 a 4500
020 ## - INTERNATIONAL STANDARD BOOK NUMBER
International Standard Book Number 9781452217703 (pbk.)
020 ## - INTERNATIONAL STANDARD BOOK NUMBER
International Standard Book Number 145221770X (pbk.)
050 00 - LIBRARY OF CONGRESS CALL NUMBER
Classification number HA32
Item number .W34 2013
100 1# - MAIN ENTRY--PERSONAL NAME
Personal name Wagner, William E.
245 10 - TITLE STATEMENT
Title Using IBM SPSS statistics for research methods and social science statistics /
Statement of responsibility, etc. William E. Wagner, III.
250 ## - EDITION STATEMENT
Edition statement 4th ed.
260 ## - PUBLICATION, DISTRIBUTION, ETC. (IMPRINT)
Place of publication, distribution, etc. Thousand Oaks, Calif. :
Name of publisher, distributor, etc. SAGE,
Date of publication, distribution, etc. c2013.
300 ## - PHYSICAL DESCRIPTION
Extent ix, 156 p. :
650 #0 - SUBJECT ADDED ENTRY--TOPICAL TERM
General subdivision Statistical methods.
942 ## - ADDED ENTRY ELEMENTS (KOHA)
Source of classification or shelving scheme Library of Congress Classification
Koha item type General circulation
Holdings
Withdrawn status Lost status Source of classification or shelving scheme Damaged status Not for loan Home library Current library Shelving location Date acquired Source of acquisition Total Checkouts Full call number Barcode Date last seen Date last checked out Price effective from Koha item type Public note
    Library of Congress Classification     Kitui Town Campus Library Kitui Town Campus Library General Stacks 18/02/2016 Donation-Books for Africa 1 HA 32 .W34 2013 2016/010422 09/10/2018 08/10/2018 18/02/2016 General circulation dm
Kitui, Kenya.
+254736116989
library@seku.ac.ke